<?xml version="1.0" encoding="UTF-8"?><?xml-stylesheet type="text/xsl" href="static/style.xsl"?><OAI-PMH xmlns="http://www.openarchives.org/OAI/2.0/" xmlns:xsi="http://www.w3.org/2001/XMLSchema-instance" xsi:schemaLocation="http://www.openarchives.org/OAI/2.0/ http://www.openarchives.org/OAI/2.0/OAI-PMH.xsd"><responseDate>2026-04-17T06:00:01Z</responseDate><request verb="GetRecord" identifier="oai:www.recercat.cat:10459.1/58030" metadataPrefix="marc">https://recercat.cat/oai/request</request><GetRecord><record><header><identifier>oai:recercat.cat:10459.1/58030</identifier><datestamp>2024-12-05T22:34:12Z</datestamp><setSpec>com_2072_3622</setSpec><setSpec>col_2072_479130</setSpec></header><metadata><record xmlns="http://www.loc.gov/MARC21/slim" xmlns:dcterms="http://purl.org/dc/terms/" xmlns:xsi="http://www.w3.org/2001/XMLSchema-instance" xmlns:doc="http://www.lyncode.com/xoai" xsi:schemaLocation="http://www.loc.gov/MARC21/slim http://www.loc.gov/standards/marcxml/schema/MARC21slim.xsd">
   <leader>00925njm 22002777a 4500</leader>
   <datafield ind2=" " ind1=" " tag="042">
      <subfield code="a">dc</subfield>
   </datafield>
   <datafield ind2=" " ind1=" " tag="720">
      <subfield code="a">Figuerola Cabrol, M. Carme</subfield>
      <subfield code="e">author</subfield>
   </datafield>
   <datafield ind2=" " ind1=" " tag="260">
      <subfield code="c">2016-10-25T13:48:01Z</subfield>
   </datafield>
   <datafield ind2=" " ind1=" " tag="260">
      <subfield code="c">2016-10-25T13:48:01Z</subfield>
   </datafield>
   <datafield ind2=" " ind1=" " tag="260">
      <subfield code="c">2013</subfield>
   </datafield>
   <datafield ind2=" " ind1=" " tag="520">
      <subfield code="a">Le nom de Malika Mokeddem s’inscrit souvent sous cette rubrique que la critique a convenu de dénommer litté- rature de l’urgence . Son écriture recrée l’accouchement difficile d’une identité individuelle et collective et, pour ce faire, l’écrivaine fait appe l aux mythes clas- siques. Un premier but de cette analyse consiste à prouver comment Mokeddem contribue à la transformation des repré- sentations mythiques. Celles-ci sont asso- ciées à la présence des arts tels que la mu- sique, la peinture ou la littérature même. D’où que l’étude porte aussi sur le rap- port que Mokeddem établit entre ces moyens d’expression et les supports qui les caractérisent. Mots-clé: Cyclope; Ulysse; Méduse; iden- tité; femme; mythe. Abstract Malika Mokeddem’s name is in- scribed in that category that critics have agreed to call Literature of urgency . In this complex process of writing she recreates the birth of a personal iden tity and a collective, that of Algeria, for which the novelist ap- peals to classical myths. A first objective of this analysis is to observe from which opti- cal input from Mokeddem contributes to the transformation and survival of these mythical representations. Since the succes- sive stories myths in question are associated with the presence of other arts such as mu- sic, painting or literature itself and its ca- pacity as intertext, reflections are proposed on the links established by the novelist between these different modes of expression and media in each case the characteristic.</subfield>
   </datafield>
   <datafield ind1="8" ind2=" " tag="024">
      <subfield code="a">http://hdl.handle.net/10459.1/58030</subfield>
   </datafield>
   <datafield tag="653" ind2=" " ind1=" ">
      <subfield code="a">Cíclops (Mitologia grega)</subfield>
   </datafield>
   <datafield tag="653" ind2=" " ind1=" ">
      <subfield code="a">Ulisses (Mitologia grega)</subfield>
   </datafield>
   <datafield tag="653" ind2=" " ind1=" ">
      <subfield code="a">Medusa (Mitologia grega)</subfield>
   </datafield>
   <datafield tag="653" ind2=" " ind1=" ">
      <subfield code="a">Mitologia</subfield>
   </datafield>
   <datafield tag="653" ind2=" " ind1=" ">
      <subfield code="a">Dones</subfield>
   </datafield>
   <datafield ind2="0" ind1="0" tag="245">
      <subfield code="a">Malika Mokeddem reescritora de mitos clásicos</subfield>
   </datafield>
</record></metadata></record></GetRecord></OAI-PMH>